Daylight, design and place-making / (Record no. 608569)

000 -LEADER
fixed length control field 02893cam a22004098i 4500
001 - CONTROL NUMBER
control field 21628304
003 - CONTROL NUMBER IDENTIFIER
control field NUST
005 - DATE AND TIME OF LATEST TRANSACTION
control field 20240306094551.0
008 - FIXED-LENGTH DATA ELEMENTS--GENERAL INFORMATION
fixed length control field 200727s2021 enk b 001 0 eng
010 ## - LIBRARY OF CONGRESS CONTROL NUMBER
LC control number 2020033954
020 ## - INTERNATIONAL STANDARD BOOK NUMBER
International Standard Book Number 9780754672319
Qualifying information (hardback)
020 ## - INTERNATIONAL STANDARD BOOK NUMBER
Canceled/invalid ISBN 9781315575896
Qualifying information (ebook)
038 ## - RECORD CONTENT LICENSOR
Staff Name Malang Jan
040 ## - CATALOGING SOURCE
Original cataloging agency DLC
Language of cataloging eng
Description conventions rda
Transcribing agency DLC
042 ## - AUTHENTICATION CODE
Authentication code pcc
050 00 - LIBRARY OF CONGRESS CALL NUMBER
Classification number NA2794
Item number .E45 2021
082 00 - DEWEY DECIMAL CLASSIFICATION NUMBER
Classification number 729.28
Edition number 23
Author Mark ELK
100 1# - MAIN ENTRY--PERSONAL NAME
Personal name Elkadi, Hisham,
Relator term author.
9 (RLIN) 121879
245 10 - TITLE STATEMENT
Title Daylight, design and place-making /
Statement of responsibility, etc. Hisham Elkadi and Sura Al-Maiyah.
263 ## - PROJECTED PUBLICATION DATE
Projected publication date 2101
264 #1 - PRODUCTION, PUBLICATION, DISTRIBUTION, MANUFACTURE, AND COPYRIGHT NOTICE
Place of production, publication, distribution, manufacture Abingdon, Oxon ;
-- New York :
Name of producer, publisher, distributor, manufacturer Routledge,
Date of production, publication, distribution, manufacture, or copyright notice 2021.
300 ## - PHYSICAL DESCRIPTION
Extent 212p.:
Other physical details ill;
336 ## - CONTENT TYPE
Content type term text
Content type code txt
Source rdacontent
337 ## - MEDIA TYPE
Media type term unmediated
Media type code n
Source rdamedia
338 ## - CARRIER TYPE
Carrier type term volume
Carrier type code nc
Source rdacarrier
504 ## - BIBLIOGRAPHY, ETC. NOTE
Bibliography, etc. note Includes bibliographical references and index.
505 0# - FORMATTED CONTENTS NOTE
Formatted contents note History of light, shades and shadows -- Structures of light : daylight and place making -- Reading daylight -- Daylight and health -- Delight of heritage.
520 ## - SUMMARY, ETC.
Summary, etc. "Daylight, Design and Place-Making examines the role of daylight in creating and revealing the wonders of heritage and contemporary architecture. Shifting from a purely technical approach to daylighting, this book places importance on the creation of meaningful aesthetics through an understanding of context and culture. Cultural applications of light in architecture differ depending on various historical, technological, and social characteristics. Increasingly, there is a revival of interest in contemporary architecture using daylight as an essential contextual ingredient in the design process. By examining the architecture of daylight in different locales and setting these in their historical contexts, the book argues that appropriate use of daylight will ensure not only visual and thermal comfort in the urban setting and aid in energy efficiency, but also will contribute to the overall identity of new buildings, particularly in urban regeneration projects. This book brings together an analysis of technical aspects of daylight performance and environmental impact, with discussions on the psychology of daylighting and its influence in shaping perceptions of our built environment. It will be an ideal read for academics and researchers interested in architecture and cultural studies"--
Assigning source Provided by publisher.
650 #0 - SUBJECT ADDED ENTRY--TOPICAL TERM
Topical term or geographic name entry element Daylighting.
9 (RLIN) 31996
650 #0 - SUBJECT ADDED ENTRY--TOPICAL TERM
Topical term or geographic name entry element Architecture
General subdivision Human factors.
9 (RLIN) 31857
650 #0 - SUBJECT ADDED ENTRY--TOPICAL TERM
Topical term or geographic name entry element Place (Philosophy)
9 (RLIN) 34183
700 1# - ADDED ENTRY--PERSONAL NAME
Personal name Al-Maiyah, Sura,
Relator term author.
9 (RLIN) 121880
776 08 - ADDITIONAL PHYSICAL FORM ENTRY
Relationship information Online version:
Main entry heading Elkadi, Hisham.
Title Daylight, design and place-making
Place, publisher, and date of publication London ; New York : Routledge/Taylor & Francis Group, 2021
International Standard Book Number 9781315575896
Record control number (DLC) 2020033955
906 ## - LOCAL DATA ELEMENT F, LDF (RLIN)
a 7
b cbc
c orignew
d 1
e ecip
f 20
g y-gencatlg
942 ## - ADDED ENTRY ELEMENTS (KOHA)
Source of classification or shelving scheme
Koha item type Book
Holdings
Withdrawn status Lost status Source of classification or shelving scheme Damaged status Not for loan Permanent Location Current Location Date acquired Source of acquisition Total Checkouts Full call number Barcode Date last seen Cost, replacement price Price effective from Koha item type
          School of Art Design and Architecture (SADA) School of Art Design and Architecture (SADA) 02/28/2022 Golden Books   729.28 ELK 2021 SADA0002931 03/06/2024 19585.00 03/06/2024 Book
© 2023 Central Library, National University of Sciences and Technology. All Rights Reserved.